Mesto a jeho vývoj v sociálno - priestorových a civilizačných súvislostiach

Podrobná bibliografia
Hlavný autor: Gajdoš, Peter, 1950-2021 (Autor)
Médium: Článok
Jazyk:slovenčina
ISSN:0049-1225
Predmet:

MARC

LEADER 00000nab a2200000 a 4500
001 vtls000816109
003 SK-MaSNL
005 20260304114517.0
008 250429c2002 xo 0 slo
015 |a SNBRB2002/11-38496 
035 |a CLN000167764 
035 |a urn:nbn:sk:snk-ab2bkk 
035 |a (urnnbn)urn:nbn:sk:snk:ar-a022zg 
035 |a (uuid)ac69f147-052c-4f8e-86bc-351fcefd5648 
040 |a SNKBUCL  |b slo  |c SNKBUCL  |e AACR2 
041 0 |a slo 
044 |a xo  |c SK 
080 |a 301.188.5:911.375  |2 1997 
080 |a 911.375:301.15/.18  |2 1997 
100 1 |a Gajdoš, Peter,  |d 1950-2021  |4 aut  |9 218141 
245 1 0 |a Mesto a jeho vývoj v sociálno - priestorových a civilizačných súvislostiach  |c Peter Gajdoš 
504 |a Bibliogr. odkazy 
504 |a Res. angl. 
650 0 7 |a mesto  |x vývoj sociálno - priestorový  |x súvislosti civilizačné  |2 snkbucl  |9 1419486 
655 7 |a články z novín a časopisov  |2 snkbucl  |9 267496 
773 0 |t Sociológia  |g Roč. 34, č. 4 (2002), s. 305-326  |x 0049-1225 
850 |a Slovenská národná knižnica 
852 |a Slovenská národná knižnica 
954 |a odborná, vedecká literatúra pôvodná (slovenská)  |2 lita 
958 |a article27 
958 |a SK 
958 |a NB 
958 |a OND 
958 |a EUIPO 
992 |a RBX 
999 |c 2873036  |d 2874966